ბათუმის შოთა რუსთაველის სახელმწიფო უნივერსიტეტის ბიბლიოთეკა

შავი და ცისფერი მდინარე.წ.3. (ბიბ.ჩანაწერი № 41998)

000 -LEADER
fixed length control field 00907nam a2200241Ia 4500
001 - CONTROL NUMBER
control field 8684
003 - CONTROL NUMBER IDENTIFIER
control field GE_BSU
008 - FIXED-LENGTH DATA ELEMENTS--GENERAL INFORMATION
fixed length control field 181216s||||||||xx |||||||||||||| ||und||
040 ## - CATALOGING SOURCE
Transcribing agency GE_BSU
080 ## - UNIVERSAL DECIMAL CLASSIFICATION NUMBER
Universal Decimal Classification number 821.353.1-31
100 ## - MAIN ENTRY--PERSONAL NAME
Personal name იოსელიანი,ოტია.
245 ## - TITLE STATEMENT
Title შავი და ცისფერი მდინარე.წ.3.
245 ## - TITLE STATEMENT
Remainder of title რომანი.წ.3.
245 ## - TITLE STATEMENT
Statement of responsibility, etc. რედ:ზურაბ კუხიანიძე;მხატვ:ოთარ ჯიშკარიანი.
260 ## - PUBLICATION, DISTRIBUTION, ETC.
Place of publication, distribution, etc. თბილისი.
260 ## - PUBLICATION, DISTRIBUTION, ETC.
Name of publisher, distributor, etc. საბჭ.საქართველო ქუთასისის ფილიალი.
260 ## - PUBLICATION, DISTRIBUTION, ETC.
Date of publication, distribution, etc. 1984.
300 ## - PHYSICAL DESCRIPTION
Extent 415გვ;ილ;21სმ.
653 ## - INDEX TERM--UNCONTROLLED
Uncontrolled term მხატვრული
653 ## - INDEX TERM--UNCONTROLLED
Uncontrolled term რომანი
653 ## - INDEX TERM--UNCONTROLLED
Uncontrolled term შავი და ცისფერი მდინარე
942 ## - ADDED ENTRY ELEMENTS (KOHA)
Koha item type წიგნი
ეგზემპლარები
Withdrawn status Lost status Damaged status Not for loan Date acquired Barcode Date last seen Price effective from Koha item type
        2018-12-17 31080 2018-12-17 2018-12-17 წიგნი
        2018-12-17 31081 2018-12-17 2018-12-17 წიგნი